The backward society

Salvato in:
Dettagli Bibliografici
Autore principale: Frost, Raymond
Natura: Libro
Lingua:Undetermined
Pubblicazione: London Longmans 1961
Soggetti:
Tags: Aggiungi Tag
Nessun Tag, puoi essere il primo ad aggiungerne! !
Thư viện lưu trữ: Trung tâm Học liệu Trường Đại học Cần Thơ
LEADER 00458nam a2200181Ia 4500
001 CTU_105035
008 210402s9999 xx 000 0 und d
082 |a 338.91 
082 |b F939 
100 |a Frost, Raymond 
245 4 |a The backward society 
245 0 |c Raymond Frost 
260 |a London 
260 |b Longmans 
260 |c 1961 
650 |a Developing countries 
904 |i Hiếu 
980 |a Trung tâm Học liệu Trường Đại học Cần Thơ